| 000 | 00473nam a2200181Ia 4500 | ||
|---|---|---|---|
| 005 | 20240724061425.0 | ||
| 008 | 240331s9999 xx 000 0 und d | ||
| 020 | _a0226508773 | ||
| 082 |
_a291.09 _bFUN |
||
| 245 | 0 | _aFundamentalisms observed | |
| 260 |
_aChicago _bThe university of Chicago press _c1991 |
||
| 300 | _axv, 872 p ., | ||
| 650 | _aFundamentalism | ||
| 650 | _aReligious | ||
| 700 |
_aMarty, Martin E _eedt |
||
| 700 |
_aAppleby, Scott R _eedt |
||
| 942 | _cL | ||
| 999 |
_c889 _d889 |
||